Word Ladder: Worst Sportscast . . . Ever Quiz Stats

Quiz Updated Jul 29, 2016

Challenge
Share
Tweet
Embed
Score 0/26 Timer 03:00
2 Plays Today
Hint 4-letter word % Correct
Explosive soundBOOM
96.2%
Earth's natural satelliteMOON
95.8%
Warty frog cousinTOAD
93.4%
The Beatles' Abbey ROAD
93.4%
FinishedDONE
92.4%
Bovine utterancesMOOS
92.2%
Comprehend written materialREAD
92%
Eat (formally)DINE
92%
Rounded roofDOME
90.8%
Paint layerCOAT
90.6%
Benefit, blessingBOON
90.5%
Tavern on The Simpson'sMOE'S
89.7%
Informal conversationCHAT
88.7%
Hint 4-letter word % Correct
Billy or nanny, e.g.GOAT
88.5%
FixMEND
88.2%
Fermented honey and waterMEAD
87.8%
Ore sourceMINE
87.7%
Obey motherMIND
85.5%
Brief written messageNOTE
85.4%
N'Djamena's countryCHAD
84.2%
Iditarod destinationNOME
83.3%
TravelsGOES
81.2%
Jazz trumpeter JonesTHAD
81.2%
Tibetan gazellesGOAS
75.5%
Tiny arachnidMITE
68.2%
Tiny speckMOTE
67.5%

Today's Daily Dose

You're not logged in!

Compare scores with friends on all Sporcle quizzes.
Join for Free
OR
Log In

You Might Also Like...

Show Comments

Extras

Top Quizzes Today


Score Distribution

Your Account Isn't Verified!

In order to create a playlist on Sporcle, you need to verify the email address you used during registration. Go to your Sporcle Settings to finish the process.

Report this User

Report this user for behavior that violates our Community Guidelines.

Details: